000 00660nam a2200277Ia 4500
005 20260324120120.0
008 008 260324s9999 xx 000 0 eng d
020 _a9780429183720
037 _aEBOOK
040 _aCRL
040 _beng
040 _cCRL
041 _2eng
041 _aeng
084 _qCRL
100 _aElaine Khan; George Alexeeff; Anna M. Fan
_91157300
245 0 _aToxicology and Risk Assessment
260 _bTaylor and Francis
260 _c2015
365 _a
365 _b920
856 _uhttp://www.taylorfrancis.com/books/9780429183720
942 _cEBOOK
999 _c1748643
_d1748643